Qualitative inquiry and research design: Choosing among five traditions (Record no. 1393780)

MARC details
000 -LEADER
fixed length control field 00601nam a2200205Ia 4500
005 - DATE AND TIME OF LATEST TRANSACTION
control field 20250508165214.0
008 - FIXED-LENGTH DATA ELEMENTS--GENERAL INFORMATION
fixed length control field 008 250505s9999 xx 000 0 eng d
020 ## - INTERNATIONAL STANDARD BOOK NUMBER
International Standard Book Number 978-81-203-4544-7
037 ## - SOURCE OF ACQUISITION
Stock number TextBook
040 ## - CATALOGING SOURCE
Original cataloging agency FEDL
Language of cataloging eng
Transcribing agency FEDL
041 ## - LANGUAGE CODE
Language code of text/sound track or separate title eng
Source of code eng
084 ## - COLON CLASSIFICATION NUMBER
Classification number 001.42, CRE/R
Assigning agency FEDL
100 ## - MAIN ENTRY--PERSONAL NAME
Personal name Creswell John W
245 #0 - TITLE STATEMENT
Title Qualitative inquiry and research design: Choosing among five traditions
260 ## - PUBLICATION, DISTRIBUTION, ETC.
Place of publication, distribution, etc. Thousand Oaks, Calfornia
Name of publisher, distributor, etc. Sage
Date of publication, distribution, etc. 1998
300 ## - PHYSICAL DESCRIPTION
Extent xv, 403p.
365 ## - TRADE PRICE
Price type code USD
Price amount 59.95
942 ## - ADDED ENTRY ELEMENTS (KOHA)
Koha item type Textbook
Classification part 001.42, CRE/R
Holdings
Withdrawn status Lost status Damaged status Not for loan Home library Current library Date acquired Cost, normal purchase price Total Checkouts Full call number Barcode Date last seen Price effective from Koha item type
        Department of Education Library Department of Education Library 2025-05-08 59.95   001.42, CRE/R EL0087419 2025-05-08 2025-05-08 Textbook
Copyright @ Delhi University Library System